Drapeaux de pays d'Amérique du Nord n°1 - Statistiques

Statistiques générales
  • Ce quiz a été pris 49 fois
  • Le résultat moyen est 13 sur 16
Statistiques - réponses
Par images Réponse % Correct
Canada
100%
Etats Unis
100%
Mexique
100%
Cuba
98%
Jamaique
98%
Panama
89%
Guatemala
87%
Honduras
85%
Nicaragua
85%
Haiti
83%
Barbade
76%
Sainte-Lucie
70%
Belize
67%
Antigua
65%
Bahamas
63%
Grenade
54%
Aucun quiz correspondant
Distribution des résultats
% des personnes avec chaque résultat
Percentile par nombre de réponses
Votre historique - résultats
Vous n’avez pas pris ce quiz